[Event "AUTO-ADV-4811"]
[Site "http://www.queenalice.com/game.php?id=1843330"]
[Date "2024.9.8"]
[Round "1"]
[White "atbn"]
[Black "oniwa"]
[Result "1-0"]
[WhiteElo "1955"]
[BlackElo "1752"]

1. g4 e5 2. c3 d5 3. Bg2 Nf6 4. g5 Ne4 5. Nf3 Nc6 6. d3 Nd6 7. Qb3 Be6 8. Qc2
Nf5 9. b4 Be7 10. h4 O-O 11. h5 h6 12. gxh6 gxh6 13. e4 dxe4 14. dxe4 Ng7 15.
Bxh6 Bf6 16. Qd2 Qe7 17. Qe3 Rfd8 18. Bg5 Bg4 19. Bxf6 Qxf6 20. h6 Nh5 21. Nbd2
Nf4 22. Bf1 Kh7 23. O-O-O Bxf3 24. Qxf3 Qe6 25. Bc4 Qf6 26. Kc2 Rd6 27. Rdg1 Rg8
28. Rxg8 Kxg8 29. h7+ Kh8 30. Qg4 Ne7 31. Nf3 Qg6 32. Nxe5 Qxe4+ 33. Kb3 Qxe5
34. Bxf7 Nfd5 35. Qg8+ 1-0

[Event "AUTO-ADV-4811"]
[Site "http://www.queenalice.com/game.php?id=1843331"]
[Date "2024.9.8"]
[Round "1"]
[White "oniwa"]
[Black "ThiagoBrumN"]
[Result "0-1"]
[WhiteElo "1770"]
[BlackElo "1789"]

1. d4 d5 2. c4 c6 3. Nc3 Nf6 4. Nf3 h6 5. Bf4 e6 6. Ne5 Be7 7. f3 Nbd7 8. cxd5
cxd5 9. Nxd7 Bxd7 10. Qb3 b6 11. O-O-O Rc8 12. Kb1 O-O 13. e3 a5 14. a3 Kh8 15.
g4 Be8 16. e4 Bc6 17. e5 Nd7 18. h4 f6 19. Bd3 fxe5 20. dxe5 Nc5 21. Qc2 Rxf4
22. Qf2 Qc7 23. Ne2 Ba4 24. Nxf4 Bxd1 25. Rxd1 Na4 26. Nxe6 Qxe5 27. Nd4 Bc5 28.
Bb5 Nc3+ 29. bxc3 Bxa3 30. Re1 Qf4 31. Ne6 Qf6 32. Qxb6 Qxc3 33. Qd4 Qb3+ 34.
Ka1 Bf8 35. Nxf8 Rc2 36. Ng6+ Kh7 37. Nf8+ Kg8 0-1

[Event "AUTO-ADV-4811"]
[Site "http://www.queenalice.com/game.php?id=1843332"]
[Date "2024.9.8"]
[Round "1"]
[White "ThiagoBrumN"]
[Black "oniwa"]
[Result "0-1"]
[WhiteElo "1742"]
[BlackElo "1740"]

1. e4 e5 2. Nf3 Nc6 3. Bc4 Bc5 4. O-O Nf6 5. Nc3 a6 6. Ng5 O-O 7. Qf3 Nd4 8. Qd3
c6 9. a3 b5 10. Bb3 Nxb3 11. cxb3 Bd4 12. Ne2 c5 13. Kh1 h6 14. Nf3 Bb7 15. Ng3
Ng4 16. Qe2 d5 17. d3 dxe4 18. dxe4 Rc8 19. Be3 Qf6 20. Rab1 Qg6 21. Nh4 Qe6 22.
Nhf5 Bxe3 23. fxe3 Nf6 24. Rbc1 Qxb3 25. Nd6 Rc7 26. Rc3 Qe6 27. Ndf5 c4 28. Rf3
Nxe4 29. Rc1 Nxg3+ 30. Rxg3 Qxf5 31. Rf1 Qe4 32. Qh5 Kh7 33. Rg4 Qd3 34. Rg1
Qxe3 35. Qf5+ g6 36. Qc2 f5 37. Rg3 Qf4 38. Rh3 Be4 39. Qe2 Bd3 40. Qe1 g5 41.
Rf3 Qd4 42. Qd2 Re7 43. Rh3 f4 44. Re1 e4 45. Qd1 Qxb2 46. Qh5 Rf6 47. Qxg5 Rg6
48. Qxe7+ Rg7 49. Qh4 Qxg2# 0-1

[Event "AUTO-ADV-4812"]
[Site "http://www.queenalice.com/game.php?id=1843529"]
[Date "2024.9.12"]
[Round "1"]
[White "oniwa"]
[Black "Charles56"]
[Result "1-0"]
[WhiteElo "1801"]
[BlackElo "1869"]

1. d4 d5 2. c4 dxc4 3. e4 b5 4. Nc3 a6 5. b3 cxb3 6. axb3 h6 7. Bxb5+ c6 8. Bc4
e6 9. Nf3 Bb4 10. Bd2 c5 11. dxc5 Bxc5 12. O-O Ne7 13. Na4 Ba7 14. Ne5 Bb7 15.
Nc3 f6 16. Nf3 Kf7 17. Nh4 Nbc6 18. Qg4 Qxd2 19. Qxe6+ Ke8 20. Qf7+ 1-0

[Event "AUTO-ADV-4812"]
[Site "http://www.queenalice.com/game.php?id=1843530"]
[Date "2024.9.12"]
[Round "1"]
[White "Charles56"]
[Black "oniwa"]
[Result "1-0"]
[WhiteElo "1818"]
[BlackElo "1791"]

1. d4 d5 2. Nc3 Nf6 3. h3 Nc6 4. Nf3 h6 5. e3 Bf5 6. Bb5 Qd7 7. Ne5 Qe6 8. f3 a6
9. Bxc6+ bxc6 10. g4 Bg6 11. Nxg6 fxg6 12. Qe2 h5 13. g5 Nd7 14. f4 Qf5 15. e4
dxe4 16. Nxe4 O-O-O 17. Qxa6+ Kb8 18. Qxc6 Nb6 19. Nc5 Qc8 20. Be3 Rd6 21. Qb5
Rd5 22. a4 Ka8 23. b4 Qb8 24. a5 Nc8 25. Qc6+ 1-0

[Event "AUTO-ADV-4812"]
[Site "http://www.queenalice.com/game.php?id=1843531"]
[Date "2024.9.12"]
[Round "1"]
[White "oniwa"]
[Black "Capixaba789"]
[Result "1-0"]
[WhiteElo "1720"]
[BlackElo "1879"]

1. d4 e5 2. e4 exd4 3. Qxd4 d6 4. Nc3 Nc6 5. Qe3 Nf6 6. Bb5 Bd7 7. a3 Be7 8. Nf3
O-O 9. O-O a6 10. Ba4 b5 11. Bb3 Na5 12. Ba2 c5 13. b4 Nb7 14. Bb2 c4 15. Ne2
Bc6 16. Nd2 Ng4 17. Qg3 Ne5 18. f4 Bh4 19. Qc3 Bf6 20. fxe5 Bxe5 21. Qe3 Bxb2
22. Rad1 Be5 23. Nf3 Bf6 24. Nfd4 Be8 25. Nf5 Be5 26. Kh1 f6 27. Neg3 Bf7 28.
Nd4 Qc8 29. c3 Kh8 30. Ngf5 Bg6 31. Ne7 Qe8 32. Nd5 Rb8 33. Nf5 Nd8 34. Nc7 Qd7
35. Nxa6 Ra8 36. Qb6 Ne6 37. Nxd6 Bxc3 38. Nxb5 1-0

[Event "AUTO-ADV-4812"]
[Site "http://www.queenalice.com/game.php?id=1843532"]
[Date "2024.9.12"]
[Round "1"]
[White "Capixaba789"]
[Black "oniwa"]
[Result "1-0"]
[WhiteElo "1969"]
[BlackElo "1704"]

1. e4 e5 2. d4 exd4 3. c3 dxc3 4. Bc4 d5 5. Bxd5 Nf6 6. Nxc3 Bb4 7. Bd2 O-O 8.
Nf3 c6 9. Bb3 Re8 10. O-O Bg4 11. Re1 Bxc3 12. bxc3 Nxe4 13. Be3 Bxf3 14. Qxf3
Nf6 15. Bg5 Nbd7 16. Rxe8+ Qxe8 17. h3 Ne5 18. Qd1 Ne4 19. Be3 Nxc3 20. Qc2 Nb5
21. Qd1 Rd8 22. Qh5 Ng6 23. Bg5 Qe5 24. h4 Qxa1+ 25. Kh2 Qe5+ 26. Kg1 Nf4 27.
Qxf7+ Kh8 28. Qxf4 Qe1+ 29. Kh2 Re8 30. Qf3 Nd4 31. Qg3 Ne2 32. Qf3 Qg1+ 33. Kh3
Qh1+ 34. Kg4 Nd4 35. Qh3 Re4+ 36. f4 Nxb3 37. Qxh1 1-0

[Event "AUTO-ADV-4812"]
[Site "http://www.queenalice.com/game.php?id=1843533"]
[Date "2024.9.12"]
[Round "1"]
[White "oniwa"]
[Black "Ditto"]
[Result "0-1"]
[WhiteElo "1760"]
[BlackElo "1652"]

1. d4 d5 2. c4 dxc4 3. e4 Nc6 4. Nf3 Bg4 5. d5 Ne5 6. Nbd2 e6 7. Nxc4 Nd7 8. Be2
e5 9. Nfxe5 Bxe2 10. Qxe2 Bc5 11. Qg4 Nxe5 12. Nxe5 Qe7 13. Nc4 Qf6 14. O-O Ne7
15. e5 Qg6 16. Qd1 O-O 17. g3 Nf5 18. Kh1 Rad8 19. Qf3 Nd4 20. Qf4 Nf5 21. a3
Rxd5 22. Rg1 Rd4 23. Qf3 b6 24. Ne3 Nxe3 25. Bxe3 Rd3 26. Bxc5 Rxf3 0-1

[Event "AUTO-ADV-4812"]
[Site "http://www.queenalice.com/game.php?id=1843534"]
[Date "2024.9.12"]
[Round "1"]
[White "Ditto"]
[Black "oniwa"]
[Result "0-1"]
[WhiteElo "1752"]
[BlackElo "1836"]

1. e4 e5 2. Nf3 Nc6 3. Bc4 Bc5 4. d3 Nf6 5. Bg5 h6 6. Bc1 O-O 7. c3 a6 8. b4 Be7
9. Qb3 b5 10. Bd5 Nxd5 11. Qxd5 Bb7 12. O-O d6 13. Be3 Rb8 14. Nbd2 Nxb4 15. Qb3
Nxd3 16. Rfd1 c5 17. Qc2 c4 18. Ne1 Nf4 19. Ndf3 f5 20. exf5 Bxf3 21. Nxf3 Nd3
22. Qe2 Rxf5 23. Rab1 e4 24. Nd4 Rc5 25. Ne6 Qe8 26. Bd4 Rc6 27. Qxe4 Rcc8 28.
Qg4 g5 29. Qe4 Qf7 30. Qd5 Rf8 31. Rf1 Rfe8 32. h3 Rbc8 33. Qe4 Bf8 34. Qg4 Rxe6
35. a3 Nf4 36. Qf3 Ne2+ 37. Kh1 Nxd4 38. Qxf7+ Kxf7 39. Rbd1 Ne2 40. g4 Nxc3 41.
Rc1 Bg7 42. Kg2 Ne2 43. Rcd1 c3 44. Rfe1 c2 45. Rd2 c1=Q 46. Rdd1 Qc6+ 47. Kf1
Qh1# 0-1

[Event "AUTO-OPEN-4548"]
[Site "http://www.queenalice.com/game.php?id=1843603"]
[Date "2024.9.13"]
[Round "1"]
[White "oniwa"]
[Black "josebaron"]
[Result "1/2-1/2"]
[WhiteElo "1851"]
[BlackElo "2183"]

1. d4 d5 2. c4 dxc4 3. Nc3 Nf6 4. Bg5 e6 5. e4 Be7 6. e5 Nd5 7. Nxd5 exd5 8.
Bxe7 Qxe7 9. Nf3 O-O 10. Qc2 Nc6 11. b3 cxb3 12. Qxb3 Rd8 13. Bb5 a6 14. Bxc6
bxc6 15. O-O c5 1/2-1/2

[Event "AUTO-OPEN-4548"]
[Site "http://www.queenalice.com/game.php?id=1843604"]
[Date "2024.9.13"]
[Round "1"]
[White "josebaron"]
[Black "oniwa"]
[Result "1/2-1/2"]
[WhiteElo "2252"]
[BlackElo "1777"]

1. e4 e5 2. Nf3 Nc6 3. Bb5 a6 4. Bxc6 dxc6 5. O-O Bg4 6. h3 Bh5 7. d3 Be7 8. Nc3
b5 9. a3 Nf6 10. Bg5 h6 11. Be3 O-O 12. Kh1 Bd6 13. Rg1 Nh7 14. g4 Bg6 15. Rg3
a5 16. Qe2 Qf6 17. Rag1 Ng5 18. Bxg5 hxg5 19. Nd1 Qe7 20. Ne3 f6 21. Nf5 Qe6 22.
Nxd6 cxd6 23. h4 1/2-1/2

[Event "AUTO-OPEN-4548"]
[Site "http://www.queenalice.com/game.php?id=1843605"]
[Date "2024.9.13"]
[Round "1"]
[White "oniwa"]
[Black "zmanomega"]
[Result "1-0"]
[WhiteElo "1753"]
[BlackElo "1784"]

1. d4 d5 2. c4 Nf6 3. Nc3 e6 4. Bg5 dxc4 5. e4 h6 6. Bxf6 Qxf6 7. e5 Qe7 8. Nf3
c6 9. Bxc4 b5 10. Bb3 a5 11. Ne4 Qb4+ 12. Ned2 a4 13. a3 Qa5 14. Bc2 Nd7 15. O-O
Be7 16. Ne4 f6 17. Ng3 f5 18. Qd3 g5 19. h3 h5 20. b4 Qb6 21. Qc3 f4 22. Bg6+
Kd8 23. Nxh5 Rg8 24. Bf7 Rf8 25. Bxe6 Rh8 26. Bg4 Nf8 27. Nd2 Bxg4 28. hxg4 Ne6
29. Ne4 Nxd4 30. Rfd1 Kc8 31. Rxd4 Ra7 32. Rad1 Rd8 33. Rxd8+ Bxd8 34. Nd6+ Kb8
35. e6 Re7 36. Qe5 Ka7 37. Nc8+ 1-0

[Event "AUTO-OPEN-4548"]
[Site "http://www.queenalice.com/game.php?id=1843606"]
[Date "2024.9.13"]
[Round "1"]
[White "zmanomega"]
[Black "oniwa"]
[Result "1-0"]
[WhiteElo "1735"]
[BlackElo "1697"]

1. e4 e5 2. Nc3 Nf6 3. d3 Bb4 4. Bd2 Bxc3 5. Bxc3 d6 6. f3 Nc6 7. a3 Be6 8. b3
O-O 9. h3 d5 10. g4 dxe4 11. dxe4 Qe7 12. Bb5 Bd7 13. Ba4 Rad8 14. Qe2 a6 15.
Bxc6 Bxc6 16. Bd2 Bb5 17. c4 Bc6 18. Bb4 Qd7 19. Qb2 Rfe8 20. Kf2 b6 21. Ne2 a5
22. Rad1 Qe6 23. Rxd8 Rxd8 24. Bc3 Nd7 25. a4 Nc5 26. Kg3 Rd3 27. Kf2 1-0

[Event "AUTO-OPEN-4548"]
[Site "http://www.queenalice.com/game.php?id=1843607"]
[Date "2024.9.13"]
[Round "1"]
[White "oniwa"]
[Black "Rafale2000"]
[Result "0-1"]
[WhiteElo "1715"]
[BlackElo "2142"]

1. d4 Nf6 2. c4 c5 3. Nf3 d5 4. e3 cxd4 5. Nxd4 Nc6 6. b3 e6 7. Be2 Bb4+ 8. Bd2
a5 9. O-O Qb6 10. a3 Nxd4 11. axb4 Nxe2+ 12. Qxe2 a4 13. bxa4 dxc4 14. Qxc4 O-O
15. Nc3 Bd7 16. a5 Qc6 17. Qd3 Rfd8 18. Qe2 Ne4 19. Rfc1 Nxc3 20. Bxc3 Qd5 21.
Qg4 e5 22. Qg3 f6 23. Rd1 Qb3 24. e4 Be6 25. Rab1 Rxd1+ 0-1

[Event "AUTO-ADV-4813"]
[Site "http://www.queenalice.com/game.php?id=1843893"]
[Date "2024.9.17"]
[Round "1"]
[White "askasl159"]
[Black "oniwa"]
[Result "0-1"]
[WhiteElo "1815"]
[BlackElo "1744"]

1. e4 e5 2. f4 exf4 3. Nf3 d5 4. e5 Nc6 5. d4 Bg4 6. Be2 Bf5 7. a3 g5 8. h3 f6
9. Bd3 Be4 10. O-O Bxf3 11. Rxf3 Nxd4 12. Rf2 fxe5 13. c3 Ne6 14. Bf5 Qd6 15. c4
Nd4 16. Bg4 Nf6 17. Bh5+ Kd8 18. cxd5 Ne4 19. Rf1 Qxd5 20. Nc3 Qc6 21. Nxe4 Qxe4
22. Re1 Qd5 23. Bg4 Bc5 24. Kh1 c6 25. Bf3 Nxf3 26. Qxf3 Kc7 27. Qxd5 cxd5 28.
Rxe5 Rad8 29. Rxg5 Be3 30. Bxe3 fxe3 31. Rg7+ Kb8 32. Re7 Rde8 33. Rd7 Rd8 34.
Re7 d4 35. Rd1 Rhf8 36. Rxh7 e2 37. Re1 Rf1+ 0-1

[Event "AUTO-ADV-4813"]
[Site "http://www.queenalice.com/game.php?id=1843894"]
[Date "2024.9.17"]
[Round "1"]
[White "oniwa"]
[Black "askasl159"]
[Result "1-0"]
[WhiteElo "1763"]
[BlackElo "1800"]

1. d4 d5 2. c4 c6 3. Nc3 g6 4. Nf3 Bg7 5. e4 dxe4 6. Nxe4 Bf5 7. Nc5 b6 8. Nb3
e5 9. Qe2 e4 10. Bf4 Nd7 11. Nbd2 Ngf6 12. Nh4 Bg4 13. f3 Be6 14. fxe4 Bg4 15.
Qe3 O-O 16. Bd3 Nh5 17. h3 Qxh4+ 18. g3 Qe7 19. hxg4 Nhf6 20. g5 Nh5 21. O-O-O
Nxf4 22. gxf4 c5 23. d5 Bd4 24. Qh3 f6 25. Nf3 Be3+ 26. Kb1 Rf7 27. Nh4 Bxf4 28.
Nxg6 Qd6 29. Nxf4 fxg5 30. Ne6 Nf6 31. Rdg1 g4 32. Qh6 a5 33. Ng5 Rg7 34. Rxg4
Rg6 35. Qh3 Ra7 36. Rg2 Kg7 37. Ne6+ Kf7 38. Rxg6 hxg6 39. Rf1 Ke7 40. Rxf6 Kxf6
41. Qh4+ 1-0

[Event "AUTO-ADV-4813"]
[Site "http://www.queenalice.com/game.php?id=1843905"]
[Date "2024.9.17"]
[Round "1"]
[White "Daniel1962"]
[Black "oniwa"]
[Result "0-1"]
[WhiteElo "1788"]
[BlackElo "1847"]

1. e4 e5 2. Bc4 Nf6 3. d3 Bc5 4. h3 O-O 5. Nf3 Nc6 6. Bg5 h6 7. Bxf6 Qxf6 8. Nc3
Nd4 9. Nxd4 Bxd4 10. Nd5 Qxf2# 0-1

[Event "AUTO-ADV-4813"]
[Site "http://www.queenalice.com/game.php?id=1843906"]
[Date "2024.9.17"]
[Round "1"]
[White "oniwa"]
[Black "Daniel1962"]
[Result "0-1"]
[WhiteElo "1713"]
[BlackElo "1720"]

1. d4 d5 2. c4 Bf5 3. Nc3 dxc4 4. e4 Bg6 5. Bxc4 Nc6 6. Nf3 e6 7. O-O Bd6 8. Re1
Nge7 9. d5 exd5 10. exd5 Nb8 11. Bg5 h6 12. Bh4 O-O 13. Qd4 Nf5 14. Bxd8 Nxd4
15. Nxd4 Rxd8 16. Nf3 c6 17. a3 Nd7 18. dxc6 bxc6 19. Rad1 Nf6 20. b4 Bh5 21.
Be2 Ng4 22. h3 Ne5 23. Nh4 Bxe2 0-1

[Event "AUTO-ADV-4813"]
[Site "http://www.queenalice.com/game.php?id=1843913"]
[Date "2024.9.17"]
[Round "1"]
[White "oniwa"]
[Black "Fredo"]
[Result "0-1"]
[WhiteElo "1776"]
[BlackElo "1972"]

1. e4 c5 2. Nf3 d6 3. Bc4 e6 4. Nc3 Nc6 5. O-O Nf6 6. d3 Be7 7. a3 O-O 8. Bb5
Bd7 9. Be3 a6 10. Ba4 b5 11. Bb3 Qb6 12. h3 Nd4 13. Ba2 Rac8 14. Ne2 Nxf3+ 15.
gxf3 e5 16. Kh2 Qd8 17. Rg1 Nh5 0-1

[Event "AUTO-ADV-4813"]
[Site "http://www.queenalice.com/game.php?id=1843914"]
[Date "2024.9.17"]
[Round "1"]
[White "Fredo"]
[Black "oniwa"]
[Result "1-0"]
[WhiteElo "2058"]
[BlackElo "1756"]

1. d4 d5 2. Nf3 Nc6 3. g3 Nf6 4. Bg2 h6 5. O-O e6 6. a4 Bd6 7. c4 dxc4 8. Qc2
Na5 9. Nbd2 Nd5 10. e4 Nb4 11. Qb1 Nd3 12. Ne1 Nxe1 13. Rxe1 b6 14. e5 Rb8 15.
exd6 Qxd6 16. Nf3 O-O 17. Bf4 Qe7 18. Ne5 Nb3 19. Ra3 Nxd4 20. Rd1 Ne2+ 21. Kh1
Nxf4 22. gxf4 Ba6 23. Rg3 Rbd8 24. Re1 Qf6 25. Qe4 c5 26. Rg1 Rd4 27. Ng4 Qg6
28. Qe3 Rd3 29. Qe2 Rxg3 30. fxg3 f6 31. Ne3 Rd8 32. Nxc4 Rd4 33. Qxe6+ Kh7 34.
b3 Qc2 35. Ne3 Qd3 36. Nf5 Rb4 37. h3 Qd8 38. Be4 Rxe4 39. Qxe4 Bd3 40. Qe6 Kg6
41. Nh4+ Kh7 42. Kh2 Qf8 43. Re1 a6 44. Re3 Bc2 45. Qc6 Qd8 46. Qg2 Qd1 47. Qe2
Qb1 48. Qh5 Qb2 49. Re2 Qxb3 50. f5 1-0

[Event "AUTO-ADV-4781"]
[Site "http://www.queenalice.com/game.php?id=1848049"]
[Date "2024.11.29"]
[Round "2"]
[White "oniwa"]
[Black "Capixabba789"]
[Result "1-0"]
[WhiteElo "1780"]
[BlackElo "1967"]

1. d4 d5 2. c4 Nf6 3. Nc3 e6 4. Bg5 Be7 5. Nf3 O-O 6. c5 c6 7. e3 Ne4 8. Bxe7
Qxe7 9. Nxe4 dxe4 10. Ne5 Nd7 11. Nc4 f5 12. Nd6 Nf6 13. Bc4 Nd5 14. a3 b5 15.
Be2 a5 16. O-O a4 17. f3 Bd7 18. fxe4 Nxe3 19. Qd3 Nxf1 20. Rxf1 fxe4 21. Qxe4
Rxf1+ 22. Bxf1 Rf8 23. Bd3 g6 24. Qe3 Qf6 25. Ne4 Qh4 26. g3 Qe7 27. Ng5 Qf6 28.
h4 h6 29. Ne4 Qg7 30. Nf2 h5 31. Nh3 e5 32. Ng5 exd4 33. Qe4 Bf5 34. Qe2 Bxd3
35. Qxd3 Qf6 36. Ne4 Kg7 37. Nxf6 1-0

[Event "AUTO-ADV-4781"]
[Site "http://www.queenalice.com/game.php?id=1848050"]
[Date "2024.11.29"]
[Round "2"]
[White "Capixabba789"]
[Black "oniwa"]
[Result "1-0"]
[WhiteElo "1860"]
[BlackElo "1773"]

1. e4 e5 2. Bc4 Nf6 3. Nf3 Nxe4 4. d4 exd4 5. c3 dxc3 6. Bxf7+ Ke7 7. O-O Kxf7
8. Qd5+ Ke8 9. Qxe4+ Qe7 10. Qc2 cxb2 11. Bxb2 Nc6 12. Re1 Qxe1+ 13. Nxe1 d6 14.
Nc3 g6 15. Nd5 Ne5 16. Nxc7+ Kd8 17. Bxe5 1-0

[Event "AUTO-ADV-4781"]
[Site "http://www.queenalice.com/game.php?id=1848051"]
[Date "2024.11.29"]
[Round "2"]
[White "oniwa"]
[Black "pomar"]
[Result "1-0"]
[WhiteElo "1802"]
[BlackElo "1833"]

1. d4 e6 2. e4 d5 3. Nc3 Bb4 4. Bd2 Bxc3 5. Bxc3 c5 6. dxc5 Nf6 7. e5 Nfd7 8.
Bb5 O-O 9. Nf3 Nxc5 10. O-O a6 11. Ba4 Nxa4 12. Bb4 a5 13. Bxf8 Kxf8 14. Qd4 b5
15. b3 Nb6 16. Qc5+ Qe7 17. Qxb6 Qd7 18. Qe3 Nc6 19. a3 Bb7 20. Qd3 Qc7 21. Qxb5
Kg8 22. Rae1 Ba6 23. Qc5 Bxf1 24. Kxf1 Rc8 25. Qe3 Ne7 26. Rc1 Ng6 27. Qd4 h6
28. c4 Qb7 29. Nd2 dxc4 30. Rxc4 Rxc4 31. bxc4 Qb8 32. f4 Ne7 33. g3 Nf5 34. Qc3
Qa8 35. Kg1 Qa7+ 36. Kg2 Ne3+ 37. Kh3 Nf5 38. Ne4 a4 39. Qb4 h5 40. Nc5 Ne3 41.
Nxa4 Qd4 42. Nc5 Qxc4 43. Qxc4 Nxc4 44. a4 Kf8 45. Kh4 g6 46. Kg5 Kg7 47. Nb7 f5
48. exf6+ Kf7 49. a5 e5 50. fxe5 Nxe5 51. Nd6+ Ke6 52. f7 Nd7 53. a6 Ke7 54. a7
Nb6 55. Kxg6 Kf8 56. Nc8 Na8 57. h3 1-0

[Event "AUTO-ADV-4781"]
[Site "http://www.queenalice.com/game.php?id=1848052"]
[Date "2024.11.29"]
[Round "2"]
[White "pomar"]
[Black "oniwa"]
[Result "0-1"]
[WhiteElo "1838"]
[BlackElo "1819"]

1. f3 e5 2. Kf2 d5 3. e3 Nf6 4. c4 d4 5. d3 Nc6 6. g3 Bc5 7. e4 O-O 8. a3 Nh5 9.
Bh3 f5 10. exf5 Bxf5 11. Bxf5 Rxf5 12. g4 Qh4+ 13. Kg2 Nf4+ 14. Bxf4 Rxf4 15.
Nd2 Ne7 16. Qe1 Ng6 17. h3 Be7 18. Ne2 Rf7 19. Qxh4 Bxh4 20. Ng3 Nf4+ 21. Kh2
Nxd3 22. b4 e4 23. Nf5 Nf2 24. Nxh4 Nxh1 25. Rxh1 e3 26. Nb3 d3 27. Nc5 d2 28.
Nf5 Re8 29. Ne4 Rd7 30. Nxe3 Rd3 31. Nd1 Rxf3 32. Kg2 Rd3 33. Nc5 Re2+ 34. Nf2
Rde3 35. Rd1 Rc3 36. Kf1 Re1+ 37. Rxe1 dxe1=Q+ 38. Kxe1 b6 39. Ne6 Re3+ 40. Kd2
Rxe6 41. Nd3 Rd6 42. Kc3 Rh6 43. Nf4 g5 44. Nh5 Kf7 45. Kd4 Ke6 46. h4 gxh4 47.
Nf4+ Kf6 48. Ke4 h3 49. Nh5+ Kg5 50. Kf3 Kh4 51. Ng3 Rf6+ 52. Nf5+ Kg5 53. Kg3
h5 54. Ne3 h4+ 55. Kh2 Rf3 56. Nd5 Kxg4 57. Nxc7 Rf2+ 58. Kg1 Kg3 59. Nd5 h2+
0-1